C [infinity]-differentiable spaces
Αποθηκεύτηκε σε:
| Κύριος συγγραφέας: | |
|---|---|
| Άλλοι συγγραφείς: | |
| Μορφή: | Βιβλίο |
| Γλώσσα: | English |
| Δημοσίευση: |
Berlin ; New York :
Springer-Verlag,
c2003
|
| Σειρά: | Lecture notes in mathematics (Springer-Verlag)
; 1824 |
| Θέματα: | |
| Ετικέτες: |
Προσθήκη ετικέτας
Δεν υπάρχουν, Καταχωρήστε ετικέτα πρώτοι!
|
MARC
| LEADER | 00000nam a2200000 i 4500 | ||
|---|---|---|---|
| 001 | 1/71214 | ||
| 008 | 080118s2003 eng d | ||
| 020 | |a 3-540-20072-X | ||
| 035 | |l 10093848 | ||
| 040 | |a GR-MY-UA |b gre |e aacr | ||
| 041 | 0 | |a eng | |
| 082 | 0 | |a 516.36 |2 (22) | |
| 100 | 1 | |a Navarro Gonzalez, Juan A. |d 1956- | |
| 245 | 1 | 0 | |a C [infinity]-differentiable spaces / |c Juan A. Navarro Gonzalez, Juan B. Sancho de Salas |
| 260 | |a Berlin ; New York : |b Springer-Verlag, |c c2003 | ||
| 300 | |a xiii, 188 σ.; |c 24 εκ. | ||
| 490 | 1 | |a Lecture notes in mathematics |v ; 1824 | |
| 504 | |a Περιέχει βιβλιογραφικές παραπομπές (σ. [182]-183) και ευρετήριο. | ||
| 650 | 0 | 0 | |a Differentiable manifolds. |
| 650 | 0 | 0 | |a Algebraic spaces. |
| 650 | 0 | 0 | |a Topological rings. |
| 700 | 1 | |a Sancho de Salas, Juan B. |d 1957- | |
| 830 | 0 | |a Lecture notes in mathematics (Springer-Verlag) |v ; 1824 | |
| 852 | |a INST |b SAMOS |e 20080118 |h 516.36 NAV |p 005300027253 |q 005300027253 |t BK |y 0 | ||
| 901 | |a BIBL3-2008-1 | ||
| 909 | |a Σ |b 143453 | ||
| 922 | |a 3ΕΛΗ |b 200712 |c ΕΠΕΑΕΚ2/ΤΜΗΜΑ ΜΑΘΗΜΑΤΙΚΩΝ |d ΕΛΕΥΘΕΡΟΥΔΑΚΗΣ | ||
| 970 | |a ΣΙΤΖΙΜΗ |b ΓΙΑΣΕΜΗ |z 2008/01/18 | ||